000 00839cab a22002055a 4500
001 L150901
008 100914e20100910xxkd f s 000 0 eng d
035 _a(Sirsi) u150901
041 0 _aeng
110 2 _aExperian Business Strategies
_94789
245 0 4 _aThe tracker
_bcoming in to land
260 _c2010
490 _aBuilding
_v275 (8645) 10 September 2010, 62-63(2)
520 _aThe decline in construction industry activity is expected to ease in August and September and level out in October, according to latest figures from Experian Marketing Information Services; state of play; leading construction activity indicator; labour costs; regional perspective.
590 _aKA
650 2 4 _aEXPERIAN CONSTRUCTION INDUSTRY FOCUS
651 4 _aUnited Kingdom
_y
690 _aBUILT ENVIRONMENT-CONSTRUCTION MARKET
942 _n0
999 _c82670
_d82670